000 00552nam a2200229Ia 4500
003 OSt
005 20220924142113.0
006 a|||||r|||| 00| 0
007 ta
008 220923b |||||||| |||| 00| 0 ben d
024 _a300426
037 _cTextual
040 _aARTS
_cARTS
_bben
041 _2ben
_aben
082 _aV2:25xM69:1, 157G0
100 _aGandhi
_9152343
245 0 _aAnasakti yog
260 _c1930
650 _aHISTORY
942 _hV2:25xM69:1, 157G0
_cTEXL
_2CC
999 _c449315
_d449315